000 00473nam a22001697a 4500
003 SISC
005 20170404095746.0
008 160715b xxu||||| |||| 00| 0 eng d
020 _a9780439099400
050 _aPZ 7 .T969 2013
100 _aTwain, Mark
245 _aThe adventures of tom sawyer /
_cMark Twain.
260 _aNew York :
_bScholastic,
_cc2013.
300 _a319 p. :
_c18 cm.
650 _aTom (Fictitious character)--Fiction.
942 _2lcc
_cBK
999 _c297758
_d297758